000 00285nam a2200121Ia 4500
008 190216s9999||||xx |||||||||||||| ||und||
100 _aDr.Gopinath
245 0 _aHindi-Choti Choti Bathem
260 _bChathurvedi Publications
_c2003
300 _a110
650 _aHindi
942 _cBK
999 _c16719
_d16719